000 00306nam a22001337a 4500
008 171005b xxu||||| |||| 00| 0 eng d
020 _a076783002951
041 _aeng
080 _a159.9
100 _a48
101 _aPSI
245 _aTHE PSYCHOLOGY OF SELF ESTEEM
_cBRANDES.N.
942 _2udc
_cBK
999 _c31919
_d31919